Consueta jueva / A. Griera
Publicado:
San Cugat del Vallés :
Instituto Internacional de Cultura Románica [de la Excma. Diputación Provincial de Barcelona] ,
1966
Descripción Física:
105 p. ; 25 cm
Colección:
Biblioteca filològica històrica ; 18
MARC
| LEADER | 00000nam a2200000Ia 4500 | ||
|---|---|---|---|
| 001 | 1663 | ||
| 008 | 160829s1966 xx 000 0 cat d | ||
| 080 | |a F-1-29 | ||
| 100 | 1 | |a Griera, A. |q (Antoni), |d 1887-1973 |9 36434 | |
| 245 | |a Consueta jueva / A. Griera | ||
| 260 | |a San Cugat del Vallés : |b Instituto Internacional de Cultura Románica [de la Excma. Diputación Provincial de Barcelona], |c 1966 | ||
| 300 | |a 105 p. ; |c 25 cm | ||
| 490 | |a Biblioteca filològica històrica ; 18 | ||
| 590 | |a Índex | ||
| 650 | |a Judaisme |x Costums i pràctiques |9 32193 | ||
| 650 | |a Judaisme |x Litúrgia |9 32194 | ||
| 710 | 1 | |a Barcelona (Catalunya : Província). |b Diputació |9 52408 | |
| 710 | 2 | |a Instituto Internacional de Cultura Románica |9 54313 | |
| 901 | |a Arxiu | ||
| 942 | |n 1 | ||
| 952 | |0 0 |1 0 |4 0 |6 F129 |7 1 |9 45900 |a Arxiu |b Arxiu |d 2016-12-01 |l 0 |o F-1-29 |p 1663 |r 2016-12-01 00:00:00 |w 2016-12-01 |y ARXIU | ||
| 999 | |c 49401 |d 49401 | ||